[Event "Ordu op 5th"]
[White "Olcum, Ahmet"]
[Black "Haznedaroglu, Kivanc"]
[Site "Ordu"]
[Round "2"]
[Result "1/2-1/2"]
[Date "2019.04.30"]
[WhiteElo "2281"]
[BlackElo "2472"]
[PlyCount "75"]
[EventDate "2019.04.29"]
[EventType "swiss"]
[EventRounds "9"]
[EventCountry "TUR"]
[SourceTitle "CBM 190 Extra"]
[Source "ChessBase"]
[SourceDate "2019.07.15"]
[SourceVersion "1"]
[SourceVersionDate "2019.07.15"]
[SourceQuality "1"]

1. d4 Nf6 2. Bf4 e6 3. e3 b6 4. Nf3 Bb7 5. Nbd2 g6 6. h3 Bg7 7. Be2 0-0 8. 0-0 d6 9. Bh2 Qe7 10. a4 a5 11. c3 Nbd7 12. Nc4 Ne4 13. Nfd2 f5 14. Nxe4 fxe4 15. Na3 Nf6 16. c4 Rfd8 17. Qb3 Rab8 18. Rfd1 h6 19. Rac1 Kh7 20. Nb5 Ba8 21. Qa3 Bf8 22. c5 Nd5 23. cxd6 cxd6 24. Bc4 Nb4 25. Qb3 Nd5 26. Bxd5 Bxd5 27. Qa3 Rd7 28. Rc2 Rbd8 29. Rdc1 e5 30. dxe5 dxe5 31. Qxe7+ Bxe7 32. Bxe5 Bb3 33. Rc8 Bxa4 34. Nd4 Bc5 35. Rxd8 Rxd8 36. Ne6 Rd1+ 37. Rxd1 Bxd1 38. Nxc5 1/2-1/2

[Event "Karlsruhe Grenke op"]
[White "Lagunow, Raphael"]
[Black "Olcum, Ahmet"]
[Site "Karlsruhe"]
[Round "9"]
[Result "1/2-1/2"]
[Date "2019.04.22"]
[WhiteElo "2428"]
[BlackElo "2281"]
[PlyCount "64"]
[EventDate "2019.04.18"]
[EventType "swiss"]
[EventRounds "9"]
[EventCountry "GER"]
[SourceTitle "CBM 189 Extra"]
[Source "ChessBase"]
[SourceDate "2019.05.31"]
[SourceVersion "1"]
[SourceVersionDate "2019.05.31"]
[SourceQuality "1"]

1. Nf3 d6 2. d4 g6 3. g3 Bg7 4. Bg2 Nd7 5. 0-0 e5 6. c4 Ne7 7. Nc3 0-0 8. e4 exd4 9. Nxd4 Nc6 10. Nde2 Nc5 11. Be3 a5 12. Qd2 Ne5 13. b3 a4 14. Qc2 f5 15. Rad1 axb3 16. axb3 Nxe4 17. Nxe4 fxe4 18. Qxe4 Bg4 19. Bf4 Ra2 20. Bxe5 Bxe2 21. Bxg7 Kxg7 22. Qd4+ Qf6 23. Qxf6+ Kxf6 24. Ra1 Rfa8 25. Rxa2 Rxa2 26. Re1 b6 27. Bd5 g5 28. h3 h5 29. Kg2 Rb2 30. Ra1 c5 31. Ra7 Ke5 32. Rb7 Bd1 1/2-1/2

[Event "Djenovici TS02 GM 3rd"]
[White "Kosic, Dragan"]
[Black "Olcum, Ahmet"]
[Site "Djenovici"]
[Round "7"]
[Result "1-0"]
[Date "2019.02.21"]
[WhiteElo "2502"]
[BlackElo "2320"]
[PlyCount "79"]
[EventDate "2019.02.16"]
[EventType "tourn"]
[EventRounds "9"]
[EventCountry "MNE"]
[EventCategory "6"]
[SourceTitle "CBM 189 Extra"]
[Source "ChessBase"]
[SourceDate "2019.05.31"]
[SourceVersion "1"]
[SourceVersionDate "2019.05.31"]
[SourceQuality "1"]

1. d4 d6 2. Nf3 g6 3. c4 Bg7 4. Nc3 Nc6 5. d5 Ne5 6. Nxe5 Bxe5 7. e4 Nf6 8. Bd3 0-0 9. Ne2 Nd7 10. 0-0 Nc5 11. Bc2 Bg7 12. Rb1 a5 13. Be3 e5 14. dxe6 Bxe6 15. b3 a4 16. Bd4 axb3 17. axb3 Re8 18. Nc3 Na6 19. f4 Bxd4+ 20. Qxd4 Nb4 21. Rb2 c5 22. Qd2 Qf6 23. Bb1 Qd4+ 24. Qxd4 cxd4 25. Nb5 d3 26. Nxd6 Red8 27. e5 Bg4 28. Kf2 f6 29. Ke3 fxe5 30. fxe5 Ra5 31. Kd4 Nc6+ 32. Kc3 Rxe5 33. Nf7 Be2 34. Nxe5 Bxf1 35. Nxd3 Nd4 36. Nc1 Nf5 37. Bxf5 gxf5 38. Rf2 Rd1 39. Kc2 Re1 40. Kd2 1-0

[Event "TUR Cup"]
[White "Makaraci, Tunahan"]
[Black "Olcum, Ahmet"]
[Site "Antalya"]
[Round "3"]
[Result "0-1"]
[Date "2019.01.28"]
[WhiteElo "1915"]
[BlackElo "2320"]
[PlyCount "142"]
[EventDate "2019.01.27"]
[EventType "swiss"]
[EventRounds "11"]
[EventCountry "TUR"]
[SourceTitle "CBM 188 Extra"]
[Source "ChessBase"]
[SourceDate "2019.02.28"]
[SourceVersion "1"]
[SourceVersionDate "2019.02.28"]
[SourceQuality "1"]

1. e4 d6 2. d4 g6 3. Nc3 Bg7 4. h3 a6 5. a4 b6 6. Nf3 Nd7 7. Bc4 e6 8. 0-0 Bb7 9. Re1 Ne7 10. Bf4 h6 11. Qd2 g5 12. Bg3 Ng6 13. Rad1 0-0 14. d5 Bxc3 15. Qxc3 e5 16. Nd2 Nf6 17. Nf1 Bc8 18. Bd3 Nf4 19. Ne3 Bd7 20. b3 Qc8 21. f3 N6h5 22. Bh2 Ng7 23. Bf1 f5 24. exf5 Nxf5 25. Bxf4 gxf4 26. Nxf5 Rxf5 27. Kf2 Rg5 28. Re2 Qb7 29. Ke1 b5 30. a5 b4 31. Qc4 Rb8 32. Rf2 Bb5 33. Qxb4 Qa7 34. Bxb5 Rxb5 35. Qc3 Qe3+ 36. Qxe3 fxe3 37. Re2 Rxa5 38. g4 Rg7 39. Rxe3 Rf7 40. Rc3 Kf8 41. Ke2 Ke8 42. Rc4 Kd7 43. h4 Rg7 44. Ke3 Rg8 45. Rb4 Ra2 46. Rd2 Ra1 47. Rg2 Rd1 48. Rd2 Rh1 49. h5 Rf8 50. Ra4 Rf1 51. Rf2 Rd1 52. Rxa6 Rxd5 53. Ra1 Rd4 54. c3 Rdf4 55. Ra4 R4f6 56. f4 d5 57. f5 Rb6 58. Rd2 Kd6 59. b4 Rc6 60. Kd3 e4+ 61. Kc2 Ke5 62. b5 Rb6 63. Ra6 Rxa6 64. bxa6 Ra8 65. Re2 Rxa6 66. Kd2 c5 67. Rf2 d4 68. cxd4+ cxd4 69. Ke2 e3 70. Rf1 Ke4 71. Rd1 d3+ 0-1

[Event "TUR Cup"]
[White "Tahaoglu, Erkin"]
[Black "Olcum, Ahmet"]
[Site "Antalya"]
[Round "1"]
[Result "0-1"]
[Date "2019.01.27"]
[WhiteElo "1714"]
[BlackElo "2320"]
[PlyCount "90"]
[EventDate "2019.01.27"]
[EventType "swiss"]
[EventRounds "11"]
[EventCountry "TUR"]
[SourceTitle "CBM 188 Extra"]
[Source "ChessBase"]
[SourceDate "2019.02.28"]
[SourceVersion "1"]
[SourceVersionDate "2019.02.28"]
[SourceQuality "1"]

1. d4 d6 2. Bf4 g6 3. e3 Bg7 4. Nf3 Nd7 5. Be2 e5 6. Bg5 f6 7. Bh4 Nh6 8. dxe5 dxe5 9. e4 Qe7 10. Nc3 c6 11. Qd2 Nf7 12. 0-0 Bh6 13. Qe1 0-0 14. Bc4 b5 15. Bb3 Nc5 16. Qe2 a5 17. Rfd1 Kg7 18. Bxf7 Rxf7 19. a3 Qc7 20. Bg3 Be6 21. b3 a4 22. b4 Bc4 23. Qe1 Ne6 24. Nd4 Nxd4 25. Rxd4 Qe7 26. Rdd1 Bf4 27. Bxf4 exf4 28. f3 Rff8 29. Rd2 Qe5 30. Rad1 Rf7 31. Ne2 c5 32. Rd7 Ra7 33. Rxa7 Rxa7 34. Nc1 g5 35. Qd2 h5 36. Nd3 Bxd3 37. cxd3 Rd7 38. Kf1 Rd4 39. Rb1 c4 40. Qb2 Rxd3 41. Qxe5 fxe5 42. Ra1 g4 43. Ke2 Kf6 44. h3 gxf3+ 45. gxf3 Kg5 0-1

[Event "Belgrade Trophy 32nd"]
[White "Olcum, Ahmet"]
[Black "Djordjevic, Vuk D"]
[Site "Belgrade"]
[Round "6"]
[Result "0-1"]
[Date "2018.11.29"]
[WhiteElo "2326"]
[BlackElo "2414"]
[PlyCount "84"]
[EventDate "2018.11.24"]
[EventType "swiss"]
[EventRounds "9"]
[EventCountry "SRB"]
[SourceTitle "CBM 187 Extra"]
[Source "ChessBase"]
[SourceDate "2018.11.04"]
[SourceVersion "1"]
[SourceVersionDate "2018.11.04"]
[SourceQuality "1"]

1. d4 Nf6 2. Bf4 e6 3. e3 c5 4. c3 Nc6 5. Nd2 Be7 6. Bd3 0-0 7. Ngf3 Nh5 8. dxc5 Bxc5 9. Ng5 Nf6 10. Nxh7 Nxh7 11. Bxh7+ Kxh7 12. Qh5+ Kg8 13. Qxc5 d5 14. Bd6 Re8 15. h4 Qf6 16. h5 Kh7 17. h6 g6 18. 0-0-0 Bd7 19. f4 Qf5 20. Rh4 b6 21. Qa3 Rac8 22. g4 Qd3 23. c4 Qe2 24. Qc3 e5 25. fxe5 Be6 26. e4 dxe4 27. g5 Na5 28. Rxe4 Qg2 29. b4 Nxc4 30. Rxc4 Rxc4 31. Nxc4 Rc8 32. Qd2 Qe4 33. Qd3 Rxc4+ 34. Kb2 Qg2+ 35. Qd2 Qf3 36. Qd3 Qc6 37. Rd2 Bf5 38. Qd5 Rc2+ 39. Rxc2 Qxd5 40. Rc7 Qd2+ 41. Ka3 Be6 42. Ka4 a6 0-1